Statistics for Spanish to English Country Names

Click here to take the quiz!

General Stats

  • This quiz has been taken 73 times
  • The average score is 15 of 20

Answer Stats

Spanish NameEnglish Name% Correct
BielorrusiaBelarus
94%
SudáfricaSouth Africa
94%
PoloniaPoland
93%
TúnezTunisia
93%
IslandiaIceland
88%
AlemaniaGermany
85%
NoruegaNorway
85%
KirguistánKyrgyzstan
84%
Reino UnidoUnited Kingdom
79%
LetoniaLatvia
78%
DinamarcaDenmark
76%
EslovaquiaSlovakia
76%
SueciaSweden
72%
Costa de MarfilIvory Coast
70%
LíbanoLebanon
70%
MauricioMauritius
69%
San Cristóbal y NievesSaint Kitts and Nevis
69%
BirmaniaMyanmar
61%
MaurruecosMorocco
60%
Países BajosNetherlands
54%

Score Distribution

Percentile by Number Answered

Percent of People with Each Score

Your Score History

You have not taken this quiz